| 000 | 01827nam a22002417a 4500 | ||
|---|---|---|---|
| 999 |
_c33837 _d33837 |
||
| 001 | 3133 | ||
| 003 | CO-MdFUSB | ||
| 005 | 20180622074753.0 | ||
| 008 | 180515s1929 ag ||||| |||| 00| 0 spa d | ||
| 040 |
_aCO-MdFUSB _bspa _cCO-MdFUSB _dCO-MdFUSBC _erda |
||
| 041 | 0 | _aspa | |
| 082 | 0 | 4 | _aG 230 N561t |
| 100 | 1 |
_aClarke, Guillermo Newton _eautor |
|
| 245 | 0 |
_aBosquejo de teología cristiana _c/ Guillermo Newton Clarke ; Efrain Martínez, Traductor |
|
| 264 | 1 |
_aBuenos Aires, Argentina : _b La Aurora, _c[1929] |
|
| 300 | _a501 Pag | ||
| 336 |
_2rdacontent _atexto _btxt |
||
| 337 |
_2rdamedia _asin mediación _bn |
||
| 338 |
_2rdacarrier _avolumen _bnc |
||
| 505 | 0 | 0 | _a- Dios: - El concepto cristiano de Dios - La existencia de Dios - La relación entre Dios y el universo - La divina trinidad y la triunidad - El hombre: - La constitución humana de cuerpo y espíritu - El hombre un ser moral - La relación del hombre individual a la raza humana - El origen de la raza humana - El pecado: - La realidad del pecado - Naturaleza del pecado - El pecado en relación con la raza humana - El pecado en relación con el individuo delante de Dios - Cristo: - Lugar de Cristo en la historia - La persona de Cristo - La unidad de Cristo con Dios y con la raza humana - La reconciliación de Dios con el hombre en Cristo - La actividad actual de Cristo - El Espíritu Santo y la vida divina en el hombre: - Lo que se entiende por el Espíritu Santo - La obra del Espíritu Santo en el mundo - La obra del Espíritu Santo en la Iglesia - La obra del Espíritu Santo en los individuos - Una agrupación de obras del Espíritu Santo - Las cosas por venir: - Las cosas por venir en este mundo - Las cosas por venir mas allá de este mundo |
| 650 | 0 |
_aTeología dogmática _91260 _xHistoria _yEdad Media, 600-1500 |
|
| 942 | _cBK | ||